Návrh riešenia na zoštíhlenie procesov a zlepšenie pracovných podmienok Paintflux zóny spoločnosti Hanon Systems Slovakia s.r.o.
Guardado en:
| Autor principal: | |
|---|---|
| Otros Autores: | |
| Formato: | Manuscrito Libro |
| Lenguaje: | eslovaco |
| Publicado: |
2020
|
| Materias: | |
| Acceso en línea: | http://is.stuba.sk/zp/portal_zp.pl?podrobnosti=151296 |
| Etiquetas: |
Sin Etiquetas, Sea el primero en etiquetar este registro!
|
MARC
| LEADER | 00000ntm a22000003a 4500 | ||
|---|---|---|---|
| 001 | stuzp78292 | ||
| 003 | SK-STU | ||
| 005 | 20200704211904.2 | ||
| 007 | ta | ||
| 008 | 150427s2015----xo-----f-mn---000-0-slo-d | ||
| 040 | |a STU |b slo | ||
| 041 | 0 | |a slo | |
| 100 | 1 | |a Sabolová, Veronika |u 064000 |k Z4 |4 aut |U MTF Materiálovotechnologická fakulta |T MTF Ústav priemyselného inžinierstva a manažmentu |U M4000 |Y 84 | |
| 242 | 0 | 1 | |a The Proposal to Leaning Processes and Working Conditions Improvement of Paintflux Zone of Hanon Systems Slovakia s r.o. |y eng |
| 245 | 1 | 0 | |a Návrh riešenia na zoštíhlenie procesov a zlepšenie pracovných podmienok Paintflux zóny spoločnosti Hanon Systems Slovakia s.r.o. |
| 260 | |c 2020 | ||
| 650 | 4 | |a proces |2 slo | |
| 650 | 4 | |a pracovné podmienky |2 slo | |
| 650 | 4 | |a Paintflux zóna |2 slo | |
| 650 | 4 | |a working conditions |2 eng | |
| 650 | 4 | |a Paintflux zone |2 eng | |
| 650 | 4 | |a process |2 eng | |
| 700 | 1 | |a Makyšová, Helena |u 064000 |k Z1 |4 ths |U MTF Materiálovotechnologická fakulta |T MTF Ústav priemyselného inžinierstva a manažmentu |X 2772 |U M4000 |Y 84 |7 A000002772 | |
| 856 | 4 | |u http://is.stuba.sk/zp/portal_zp.pl?podrobnosti=151296 | |
| 996 | |c M* DP-14407 |l MMSKP |s P |a 0 |w stuzp78292_0001 | ||